| 000 | 00607nam a2200169Ia 4500 | ||
|---|---|---|---|
| 003 | GCL | ||
| 008 | 140319s9999 xx 000 0 ara d | ||
| 040 |
_aGCL / _cGCL |
||
| 082 | 0 | 4 |
_a953.2 _bح ى |
| 100 | 1 | _aحسين بن على الويسى | |
| 245 | 1 | 0 |
_aاليمن الكبرى : _bكتاب جغرافى جيولوجى تاريخى / _cحسين بن على الويسى |
| 260 |
_aالقاهرة : _bمطبعة النهضة العربية ، _c1962 |
||
| 300 |
_a298 ص: _bايض ؛ _c24 سم |
||
| 650 | 0 | 4 | _aالقبائل العربية |
| 650 | 0 | 4 | _aاليمن - جغرافيا |
| 942 |
_2ddc _cBK |
||
| 999 |
_c46839 _d46839 |
||